Scotland country quiz - Statistics

General Stats
  • This quiz has been taken 250 times
    229 since last reset
  • The average score is 9 of 11
Answer Stats
Hint Answer % Correct
Capital city Edinburgh
98%
Country Scotland is a part of United Kingdom
98%
Skirt looking textile worn by men Kilt
95%
English
94%
Hisorical and official languages of Scotland Scottish Gaelic
93%
Scottish instrument Bagpipes
92%
Capital of the Scottish highlands Inverness
80%
The Scottish flag depicts the cross of which saint Saint Andrew
78%
Historical group that lived/ lives in Scotalnd Celts/ Celtic/ Celt
63%
Scots
63%
Island chain off the Northwest coast The Outer Hebrides/ Inner Hebrides
30%
No matching quizzes found
Score Distribution
Percent of People with Each Score
Percentile by Number Answered
Your Score History
You have not taken this quiz since the last reset